| 000 | 00734nam a2200193Ia 4500 | ||
|---|---|---|---|
| 003 | 0 | ||
| 005 | 20250128092317.0 | ||
| 008 | 150126s9999 xx 000 0 und d | ||
| 050 |
_aPGS GV 1469.3.C65 _b.M491 2014 |
||
| 100 | _aMedina, John Simon. | ||
| 245 |
_aPlaying strategy video games to thinking skills / _cJohn Simon Medina. |
||
| 260 |
_aLas Piñas City, Philippines : _bSouthville International School and Colleges, _c2014. |
||
| 300 |
_a39 p. : _bill. ; _c28 cm. |
||
| 504 | _aIncludes bibliographical references. | ||
| 650 |
_aVideo games _vCognitive effects—Thinking skills development. |
||
| 650 |
_aStrategy games _vImpact on thinking skills in children. |
||
| 650 |
_aStudents _vThinking skills. |
||
| 942 |
_2lcc _cPASS |
||
| 999 |
_c278610 _d278610 |
||